The description of a new world, called the blazing world /

Bibliographic Details
Main Author: Newcastle, Margaret Cavendish, Duchess of, 1624?-1674
Format: eBook
Language:English
Published: London : Printed by A. Maxwell ..., 1666.
Series:Early English books online.
Online Access:Connect to the full text of this electronic book

MARC

Tag First Indicator Second Indicator Subfields
LEADER 00000nam a2200000Ia 4500
001 in00004266380
005 20200810073154.0
006 m g d
007 cr bn |||a|bb|
008 850710s1666 enk o 00| | eng d
035 |a (OCoLC)12250653 
040 |a EAI  |c EAI  |d m/c  |d UMI  |d WaOLN 
037 |a CL0037000053  |b ProQuest Information and Learning. 300 N. Zeeb Rd., Ann Arbor, MI 48106 
090 |a PR3605.N2  |b D47 1666 
049 |a UMIA 
100 1 |a Newcastle, Margaret Cavendish,  |c Duchess of,  |d 1624?-1674. 
245 1 4 |a The description of a new world, called the blazing world /  |c written by the thrice noble, illustrious, and excellent princesse, the Duchess of Newcastle. 
260 |a London :  |b Printed by A. Maxwell ...,  |c 1666. 
300 |a 1 online resource ([8], 123, 122 pages) 
336 |a text  |b txt  |2 rdacontent 
337 |a computer  |b c  |2 rdamedia 
338 |a online resource  |b cr  |2 rdacarrier 
500 |a Imperfect: print showthrough with slight loss of printing. 
500 |a Reproduction of original in the Harvard University Library. 
510 4 |a Wing  |c N849 
533 |a Electronic reproduction.  |b Ann Arbor, Mich. :  |c UMI,  |d 1999-  |f (Early English books online)  |n Digital version of: (Early English books, 1641-1700 ; 1509:10)  |7 s1999 miun s 
830 0 |a Early English books online. 
856 4 0 |u http://proxy.library.tamu.edu/login?url=https://search.proquest.com/docview/2248564272  |z Connect to the full text of this electronic book  |t 0 
999 f f |s 01e208e2-7615-3871-a3b7-b62c79381d1a  |i 691d03b9-9cfa-3463-9d59-ae05f33a9c6d  |t 0 
952 f f |a Texas A&M University  |b College Station  |c Electronic Resources  |d Available Online  |t 0  |e PR3605.N2 D47 1666  |h Library of Congress classification 
998 f f |a PR3605.N2 D47 1666  |t 0  |l Available Online